Statistics for All Country Borders in the World!

Click here to take the quiz!

General Stats

  • This quiz has been taken 5,177 times
  • The average score is 213 of 358

Answer Stats

ANSWER % Correct
Afghanistan-Pakistan (2,430)
88%
Afghanistan-Iran (936)
84%
Andorra-Spain (64)
84%
Andorra-France (57)
83%
Canada-United States (8,893)
83%
Argentina-Chile (5,300)
81%
Argentina-Brazil (1,224)
81%
Albania-Greece (282)
81%
Algeria-Tunisia (965)
81%
Austria-Germany (784)
79%
Algeria-Morocco (1,601)
79%
Argentina-Uruguay (579)
78%
Bangladesh-India (4,053)
78%
Belgium-France (620)
78%
Argentina-Paraguay (1,880)
77%
China-Russia (3,645)
77%
Belarus-Russia (959)
77%
Algeria-Libya (982)
77%
Denmark-Germany (68)
76%
Belgium-Netherlands (450)
76%
Armenia-Georgia (164)
75%
China-Mongolia (4,677)
75%
Albania-Macedonia (151)
75%
Albania-Kosovo (112)
75%
Argentina-Bolivia (832)
75%
Brazil-Suriname (597)
74%
Brazil-Uruguay (985)
74%
Afghanistan-China (76)
74%
Austria-Switzerland (164)
74%
Armenia-Azerbaijan (787)
74%
Belgium-Germany (167)
74%
Albania-Montenegro (172)
74%
Belgium-Luxembourg (148)
74%
Afghanistan-Turkmenistan (744)
74%
Brazil-Colombia (1,643)
73%
Austria-Slovenia (330)
73%
Brazil-Paraguay (1,290)
73%
Bosnia and Herzegovina-Croatia (932)
73%
Bhutan-India (605)
73%
Austria-Slovakia (91)
73%
Austria-Hungary (366)
73%
Finland-Sweden (614)
73%
Finland-Russia (1,340)
73%
Angola-Namibia (1,376)
73%
China-North Korea (1,416)
73%
Austria-Italy (430)
73%
Austria-Czech Republic (362)
72%
Brazil-Guyana (1,119)
72%
Bhutan-China (470)
72%
Austria-Liechtenstein (35)
72%
Bosnia and Herzegovina-Serbia (302)
72%
Bulgaria-Romania (608)
72%
Belarus-Poland (407)
72%
Bolivia-Brazil (3,400)
72%
Cambodia-Vietnam (1,228)
72%
France-Spain (623)
72%
Ireland-United Kingdom (360)
72%
Afghanistan-Tajikistan (1,206)
72%
Cambodia-Thailand (803)
71%
China-Nepal (1,236)
71%
Estonia-Russia (294)
71%
Belize-Mexico (250)
71%
Belize-Guatemala (266)
71%
Belarus-Lithuania (502)
71%
Algeria-Mali (1,376)
71%
Cambodia-Laos (541)
70%
Egypt-Libya (1,115)
70%
Italy-Vatican City (3)
70%
China-India (3,380)
70%
Brazil-Venezuela (2,200)
70%
Colombia-Ecuador (590)
70%
Brazil-Peru (1,560)
70%
Colombia-Panama (225)
70%
Colombia-Venezuela (2,050)
70%
Dominican Republic-Haiti (360)
70%
Belarus-Ukraine (891)
70%
France-Monaco (4)
70%
France-Germany (451)
70%
Egypt-Sudan (1,273)
69%
Germany-Poland (456)
69%
Estonia-Latvia (339)
69%
France-Italy (488)
69%
Mexico-United States (3,141)
68%
Czech Republic-Germany (815)
68%
Costa Rica-Panama (330)
68%
France-Switzerland (573)
68%
France-Luxembourg (73)
68%
China-Vietnam (1,281)
68%
Armenia-Turkey (268)
68%
Italy-San Marino (39)
68%
Finland-Norway (736)
68%
Chile-Peru (160)
68%
Bangladesh-Burma (193)
68%
Benin-Togo (644)
68%
Brunei-Malaysia (381)
68%
Bulgaria-Greece (494)
68%
Bolivia-Chile (861)
68%
Botswana-South Africa (1,840)
68%
Afghanistan-Uzbekistan (137)
67%
Azerbaijan-Georgia (322)
67%
Algeria-Mauritania (463)
67%
East Timor-Indonesia (228)
67%
India-Pakistan (2,912)
67%
Costa Rica-Nicaragua (309)
67%
Egypt-Israel (277)
66%
Bosnia and Herzegovina-Montenegro (225)
66%
Burma-Thailand (1,800)
66%
Algeria-Niger (956)
66%
Belarus-Latvia (141)
66%
India-Nepal (1,690)
65%
Croatia-Slovenia (670)
65%
China-Laos (423)
65%
Germany-Netherlands (577)
65%
Djibouti-Eritrea (109)
65%
Czech Republic-Poland (658)
65%
Iran-Iraq (1,458)
65%
Angola-Democratic Republic of the Congo (2,511)
65%
Bolivia-Peru (900)
65%
China-Kazakhstan (1,533)
64%
Croatia-Serbia (241)
64%
Czech Republic-Slovakia (215)
64%
Djibouti-Ethiopia (349)
64%
Bolivia-Paraguay (750)
64%
El Salvador-Honduras (342)
64%
Azerbaijan-Russia (284)
64%
Burundi-Rwanda (290)
64%
Burma-China (2,185)
64%
Bahamas - no borders
63%
Bahrain - no borders
63%
Brazil-France (673)
63%
Benin-Niger (266)
63%
El Salvador-Guatemala (203)
63%
Germany-Luxembourg (138)
63%
Botswana-Namibia (1,360)
63%
Botswana-Zimbabwe (813)
63%
Burkina Faso-Mali (1,000)
63%
Djibouti-Somalia (58)
63%
Australia - no borders
63%
Italy-Switzerland (740)
63%
Kazakhstan-Russia (6,846)
63%
Ethiopia-Somalia (1,600)
63%
Ecuador-Peru (1,420)
63%
Lesotho-South Africa (909)
63%
Benin-Nigeria (773)
63%
Georgia-Russia (723)
62%
Botswana-Zambia (0)
62%
Guatemala-Mexico (962)
62%
Guyana-Suriname (600)
62%
Burma-India (1,463)
62%
Portugal-Spain (1,214)
62%
Bulgaria-Macedonia (148)
62%
Eritrea-Ethiopia (912)
62%
China-Kyrgyzstan (858)
62%
Hungary-Slovakia (677)
61%
Chad-Libya (1,055)
61%
Bulgaria-Serbia (318)
61%
Latvia-Russia (217)
61%
Cameroon-Nigeria (1,690)
61%
Gambia-Senegal (740)
61%
Israel-Lebanon (79)
61%
Israel-Jordan (335)
61%
Iran-Turkmenistan (992)
61%
Iraq-Turkey (352)
61%
Hungary-Slovenia (102)
61%
Antigua and Barbuda - no borders
61%
Germany-Switzerland (334)
61%
China-Tajikistan (414)
61%
Mongolia-Russia (3,485)
61%
Colombia-Peru (1,496)
61%
North Korea-South Korea (238)
61%
Indonesia-Malaysia (1,782)
61%
Iran-Turkey (499)
61%
Benin-Burkina Faso (306)
60%
Barbados - no borders
60%
Armenia-Iran (35)
60%
Central African Republic-Democratic Republic of the Congo (1,577)
60%
Latvia-Lithuania (453)
60%
Burkina Faso-Niger (628)
60%
Greece-Turkey (206)
59%
Honduras-Nicaragua (922)
59%
Indonesia-Papua New Guinea (820)
59%
Iraq-Syria (605)
59%
Italy-Slovenia (232)
59%
Lithuania-Russia (227)
59%
Norway-Sweden (1,619)
59%
North Korea-Russia (19)
59%
Norway-Russia (196)
59%
Guatemala-Honduras (256)
59%
Cuba - no borders
59%
Chad-Nigeria (87)
59%
Burkina Faso-Ghana (549)
59%
China-Pakistan (523)
59%
Burkina Faso-Côte d'Ivoire (584)
59%
Bulgaria-Turkey (240)
59%
Burma-Laos (235)
59%
Central African Republic-Chad (1,197)
59%
Chad-Sudan (1,360)
59%
Côte d'Ivoire-Ghana (668)
59%
Chad-Niger (1,175)
59%
Azerbaijan-Iran (432)
59%
Greece-Macedonia (246)
58%
Iraq-Kuwait (240)
58%
Guinea-Guinea-Bissau (386)
58%
Laos-Vietnam (2,130)
58%
Liechtenstein-Switzerland (41)
58%
Burundi-Democratic Republic of the Congo (233)
58%
Burkina Faso-Togo (126)
58%
Guyana-Venezuela (743)
57%
Croatia-Montenegro (25)
57%
Croatia-Hungary (329)
57%
Iraq-Saudi Arabia (814)
57%
Hungary-Romania (443)
57%
Cameroon-Gabon (298)
57%
Cyprus - no borders
57%
Cameroon-Equatorial Guinea (189)
57%
Cameroon-Central African Republic (797)
57%
Federated States of Micronesia - no borders
57%
Burundi-Tanzania (451)
57%
Ethiopia-Kenya (861)
57%
Israel-Syria (76)
56%
Cape Verde - no borders
56%
Kenya-Tanzania (769)
56%
Laos-Thailand (1,754)
56%
Oman-Saudi Arabia (676)
56%
Comoros - no borders
56%
Fiji - no borders
56%
Dominica - no borders
56%
Ethiopia-Sudan (723)
56%
Ethiopia-South Sudan (883)
56%
Kazakhstan-Uzbekistan (2,203)
55%
Oman-Yemen (288)
55%
Japan - no borders
55%
Kosovo-Serbia (352)
55%
Azerbaijan-Turkey (9)
55%
France-Netherlands (10)
55%
Central African Republic-South Sudan (682)
55%
Iceland - no borders
55%
Angola-Zambia (1,110)
55%
Guinea-Bissau-Senegal (338)
54%
Lebanon-Syria (375)
54%
Kazakhstan-Kyrgyzstan (1,051)
54%
Equatorial Guinea-Gabon (350)
54%
Iran-Pakistan (909)
54%
France-Suriname (510)
54%
Kuwait-Saudi Arabia (222)
54%
Democratic Republic of the Congo-Republic of the Congo (2,410)
54%
Qatar-Saudi Arabia (60)
54%
Hungary-Serbia (151)
54%
Kenya-Somalia (682)
54%
Russia-Ukraine (1,576)
54%
Guinea-Senegal (330)
54%
Jordan-Saudi Arabia (744)
54%
Lithuania-Poland (91)
53%
Cameroon-Chad (1,094)
53%
Ghana-Togo (877)
53%
Moldova-Romania (450)
53%
Côte d'Ivoire-Liberia (716)
53%
Moldova-Ukraine (939)
53%
Libya-Tunisia (459)
53%
Iraq-Jordan (181)
53%
Democratic Republic of the Congo-Rwanda (217)
53%
Kazakhstan-Turkmenistan (379)
52%
Central African Republic-Sudan (483)
52%
Saudi Arabia-Yemen (1,458)
52%
Guinea-Sierra Leone (652)
52%
Democratic Republic of the Congo-Uganda (765)
52%
Mozambique-South Africa (491)
52%
Grenada - no borders
52%
Guinea-Liberia (563)
52%
Kyrgyzstan-Tajikistan (870)
52%
Cameroon-Republic of the Congo (523)
52%
Jamaica - no borders
52%
Angola-Republic of the Congo (201)
52%
Maldives - no borders
51%
Malta - no borders
51%
Namibia-South Africa (967)
51%
Jordan-Syria (375)
51%
South Africa-Swaziland (430)
51%
Kosovo-Macedonia (159)
50%
Saudi Arabia-United Arab Emirates (457)
50%
Kenya-Uganda (933)
50%
Madagascar - no borders
50%
Central African Republic-Republic of the Congo (467)
50%
Mauritania-Morocco (1,561)
50%
Côte d'Ivoire-Guinea (610)
50%
Kosovo-Montenegro (79)
50%
Kiribati - no borders
50%
Marshall Islands - no borders
49%
South Sudan-Sudan (1,937)
49%
New Zealand - no borders
49%
Poland-Russia (206)
49%
Eritrea-Sudan (605)
49%
Democratic Republic of the Congo-Tanzania (459)
49%
Democratic Republic of the Congo-Zambia (1,930)
49%
Georgia-Turkey (252)
49%
Mozambique-Tanzania (756)
48%
India-Sri Lanka (0)
48%
Niger-Nigeria (1,497)
48%
Hungary-Ukraine (103)
48%
Kyrgyzstan-Uzbekistan (1,099)
48%
Oman-United Arab Emirates (410)
48%
Mali-Mauritania (2,237)
48%
Democratic Republic of the Congo-South Sudan (628)
47%
Malawi-Mozambique (1,569)
47%
Saint Vincent and the Grenadines - no borders
46%
Saint Kitts and Nevis - no borders
46%
Saint Lucia - no borders
46%
Liberia-Sierra Leone (306)
46%
Libya-Sudan (383)
46%
Guinea-Mali (858)
46%
Malaysia-Thailand (506)
46%
Mozambique-Swaziland (105)
46%
Mauritius - no borders
46%
Poland-Slovakia (444)
45%
Philippines - no borders
45%
Palau - no borders
45%
Nauru - no borders
45%
Mozambique-Zimbabwe (1,231)
45%
South Africa-Zimbabwe (225)
45%
Mali-Niger (821)
45%
Montenegro-Serbia (124)
44%
Samoa - no borders
44%
Mozambique-Zambia (419)
44%
Malawi-Zambia (837)
44%
Malawi-Tanzania (475)
44%
Kenya-South Sudan (232)
44%
Macedonia-Serbia (62)
44%
Gabon-Republic of the Congo (1,903)
43%
Poland-Ukraine (526)
43%
Solomon Islands - no borders
43%
Seychelles - no borders
43%
Romania-Ukraine (531)
43%
São Tomé and Príncipe - no borders
42%
Libya-Niger (354)
42%
Zambia-Zimbabwe (797)
42%
Morocco-Spain (17)
42%
Tonga - no borders
41%
Taiwan - no borders
41%
Syria-Turkey (822)
41%
Rwanda-Uganda (169)
41%
Mauritania-Senegal (813)
41%
Trinidad and Tobago - no borders
41%
Tuvalu - no borders
41%
Vanuatu - no borders
41%
Côte d'Ivoire-Mali (532)
41%
Singapore - no borders
40%
Romania-Serbia (476)
38%
Rwanda-Tanzania (217)
38%
Tajikistan-Uzbekistan (1,161)
38%
Mali-Senegal (419)
38%
Turkmenistan-Uzbekistan (1,621)
37%
Namibia-Zambia (233)
37%
Qatar-United Arab Emirates (19)
36%
Tanzania-Uganda (396)
33%
South Sudan-Uganda (435)
32%
Spain-United Kingdom (1)
32%
Slovakia-Ukraine (97)
31%
Tanzania-Zambia (338)
29%

Score Distribution

Percentile by Number Answered

Percent of People with Each Score

Your Score History

You have not taken this quiz